| 000 | 00382 a2200157 4500 | ||
|---|---|---|---|
| 020 | _a0962474525 | ||
| 024 | _a1046364X | ||
| 082 | _a303.4833 | ||
| 090 |
_c6826 _d6826 |
||
| 100 | _aGeorge,Gilder | ||
| 245 |
_aLife after Television. _cGeorge Gilder |
||
| 260 |
_aGeorge _bWhittle Direct Books _c1990 |
||
| 300 | _a86p. | ||
| 500 | _aHard cover | ||
| 942 |
_aNBS _cBK _k303.4833 GIL |
||
| 999 |
_c349166 _d349166 |
||